A history of the ecumenical movement : (Record no. 5958)

MARC details
000 -LEADER
fixed length control field 00906nam a2200277 a 4500
020 ## - INTERNATIONAL STANDARD BOOK NUMBER
International Standard Book Number 2825413550
039 ## - LEVEL OF BIBLIOGRAPHIC CONTROL AND CODING DETAIL [OBSOLETE]
Level of effort used to assign subject headings TLC
245 02 - TITLE STATEMENT
Title A history of the ecumenical movement :
Remainder of title 1968-2000 /
Statement of responsibility, etc. edited by John Briggs, Mercy Amba Oduyoye and George Tsetsis.
260 ## - PUBLICATION, DISTRIBUTION, ETC.
Place of publication, distribution, etc. Geneva :
Name of publisher, distributor, etc. WCC Publications,
Date of publication, distribution, etc. 2004.
300 ## - PHYSICAL DESCRIPTION
Extent xix, 697p ;
Dimensions 24 cm.
504 ## - BIBLIOGRAPHY, ETC. NOTE
Bibliography, etc. note Includes bibliographical references.
506 ## - RESTRICTIONS ON ACCESS NOTE
Terms governing access Open access.
650 #0 - SUBJECT ADDED ENTRY--TOPICAL TERM
Topical subject Christian union
General subdivision History.
650 #0 - SUBJECT ADDED ENTRY--TOPICAL TERM
Topical subject Ecumenical movement
General subdivision History.
650 #0 - SUBJECT ADDED ENTRY--TOPICAL TERM
Topical subject Church history
General subdivision Modern period, 1500-
700 1# - ADDED ENTRY--PERSONAL NAME
Personal name Briggs, John ed.
700 1# - ADDED ENTRY--PERSONAL NAME
Personal name Oduyoye, Mercy Amba ed.
700 1# - ADDED ENTRY--PERSONAL NAME
Personal name Tsetsis, Georges ed.
949 ## - LOCAL PROCESSING INFORMATION (OCLC)
a BMAIN
c BX6.5
d .R6 2004
g 56998
5 N
961 ## -
-- 1
Holdings
Withdrawn status Lost status Source of classification or shelving scheme Damaged status Not for loan Home library Current library Shelving location Date acquired Total Checkouts Full call number Barcode Date last seen Date last checked out Price effective from Koha item type
    Library of Congress Classification     University of Eastern Africa, Baraton Main Campus Library Main Stack 18.06.2019 2 BX 6.5 .R6 2004 56998 05.10.2021 27.09.2021 18.06.2019 Books